| 000 -LEADER |
| fixed length control field |
02002cam a2200541Ii 4500 |
| 001 - CONTROL NUMBER |
| control field |
953597815 |
| 003 - CONTROL NUMBER IDENTIFIER |
| control field |
OCoLC |
| 005 - DATE AND TIME OF LATEST TRANSACTION |
| control field |
20191220102120.0 |
| 008 - FIXED-LENGTH DATA ELEMENTS--GENERAL INFORMATION |
| fixed length control field |
160714s2016 nyu d 000 1 eng d |
| 020 ## - INTERNATIONAL STANDARD BOOK NUMBER |
| International Standard Book Number |
0448494299 |
| 020 ## - INTERNATIONAL STANDARD BOOK NUMBER |
| International Standard Book Number |
9780448494296 |
| 035 ## - SYSTEM CONTROL NUMBER |
| System control number |
(OCoLC)953597815 |
| 040 ## - CATALOGING SOURCE |
| Original cataloging agency |
YDXCP |
| Language of cataloging |
eng |
| Transcribing agency |
YDXCP |
| Modifying agency |
BTCTA |
| -- |
BDX |
| -- |
OCLCQ |
| -- |
JSE |
| -- |
NYP |
| 049 ## - LOCAL HOLDINGS (OCLC) |
| Holding library |
NYPP |
| 082 04 - DEWEY DECIMAL CLASSIFICATION NUMBER |
| Classification number |
FIC MEA |
| Edition number |
23 |
| 091 ## - MICROFILM SHELF LOCATION (AM) [OBSOLETE] |
| Microfilm shelf location |
FIC |
| 100 1# - MAIN ENTRY--PERSONAL NAME |
| Personal name |
Mead, Richelle. |
| Relator term |
author |
| 240 10 - UNIFORM TITLE |
| Uniform title |
Works. |
| Form subheading |
Selections. |
| Date of a work |
2016. |
| 245 10 - TITLE STATEMENT |
| Title |
Vampire Academy / |
| Statement of responsibility, etc. |
Richelle Mead. |
| 250 ## - EDITION STATEMENT |
| Edition statement |
10th anniversary edition. |
| 264 #1 - PRODUCTION, PUBLICATION, DISTRIBUTION, MANUFACTURE, AND COPYRIGHT NOTICE |
| Place of production, publication, distribution, manufacture |
[New York, New York] : |
| Name of producer, publisher, distributor, manufacturer |
Razorbill, an imprint of Penguin Random House, |
| Date of production, publication, distribution, manufacture, or copyright notice |
[2016] |
| 300 ## - PHYSICAL DESCRIPTION |
| Extent |
483 pages ; |
| Dimensions |
21 cm. |
| 336 ## - CONTENT TYPE |
| Content type term |
text |
| Source |
rdacontent. |
| 337 ## - MEDIA TYPE |
| Media type term |
unmediated |
| Source |
rdamedia. |
| 338 ## - CARRIER TYPE |
| Carrier type term |
volume |
| Source |
rdacarrier. |
| 440 ## - SERIES STATEMENT/ADDED ENTRY--TITLE |
| Title |
Vampire Academy ; |
| Number of part/section of a work |
Book 1 |
| 500 ## - GENERAL NOTE |
| General note |
"Featuring never-before-seen stories from the VA series!"--Cover. |
| 501 ## - WITH NOTE |
| With note |
Signed copy |
| 505 0# - FORMATTED CONTENTS NOTE |
| Formatted contents note |
Vampire Academy -- The turn and the flame -- From the journal of Vasilisa Dragomir -- The meeting -- Hello, my name is Rose Hathaway. |
| 520 ## - SUMMARY, ETC. |
| Summary, etc. |
Two years after a horrible incident made them run away, vampire princess Lissa and her guardian-in-training Rose are found and returned to St. Vladimir's Academy, where one focuses on mastering magic, the other on physical training. |
| 650 #0 - SUBJECT ADDED ENTRY--TOPICAL TERM |
| Topical term or geographic name entry element |
Vampires |
| Form subdivision |
Fiction. |
| 650 #0 - SUBJECT ADDED ENTRY--TOPICAL TERM |
| Topical term or geographic name entry element |
High schools |
| Form subdivision |
Fiction. |
| 650 #0 - SUBJECT ADDED ENTRY--TOPICAL TERM |
| Topical term or geographic name entry element |
Schools |
| Form subdivision |
Fiction. |
| 650 #0 - SUBJECT ADDED ENTRY--TOPICAL TERM |
| Topical term or geographic name entry element |
Magic |
| Form subdivision |
Fiction. |
| 650 #0 - SUBJECT ADDED ENTRY--TOPICAL TERM |
| Topical term or geographic name entry element |
Social classes |
| Form subdivision |
Fiction. |
| 700 12 - ADDED ENTRY--PERSONAL NAME |
| Personal name |
Mead, Richelle. |
| Title of a work |
Vampire Academy. |
| 700 12 - ADDED ENTRY--PERSONAL NAME |
| Personal name |
Mead, Richelle. |
| Title of a work |
Turn and the flame. |
| 700 12 - ADDED ENTRY--PERSONAL NAME |
| Personal name |
Mead, Richelle. |
| Title of a work |
From the journal of Vasilisa Dragomir. |
| 700 12 - ADDED ENTRY--PERSONAL NAME |
| Personal name |
Mead, Richelle. |
| Title of a work |
Meeting. |
| 700 12 - ADDED ENTRY--PERSONAL NAME |
| Personal name |
Mead, Richelle. |
| Title of a work |
Hello, my name is Rose Hathaway. |
| 830 ## - SERIES ADDED ENTRY--UNIFORM TITLE |
| Uniform title |
Vampire Academy |
| 901 ## - LOCAL DATA ELEMENT A, LDA (RLIN) |
| a |
MARS |
| 901 ## - LOCAL DATA ELEMENT A, LDA (RLIN) |
| a |
rn |
| b |
CATBL |
| 908 14 - PUT COMMAND PARAMETER (RLIN) |
| Put command parameter |
PZ7.M478897 |
| 942 ## - ADDED ENTRY ELEMENTS (KOHA) |
| Source of classification or shelving scheme |
|
| Koha item type |
Books - Fiction |
| 945 ## - LOCAL PROCESSING INFORMATION (OCLC) |
| a |
.b210981222 |
| 946 ## - LOCAL PROCESSING INFORMATION (OCLC) |
| a |
m |